Sebestačnosť v potravinách. Porovnanie Slovenska s vybranými krajinami Európy a sveta.

Recenzia na knihu "Sebestačnosť v potravinách. Porovnanie Slovenska s vybranými krajinami Európy a sveta. Autor Prokop Jurášek, vyšlo vo vydavateľstve VÚEPP Bratislava, v roku 2002, rozsah - 116 s. Komparatívna medzinárodná analýza jednotlivých stránok sebestačnosti vo vybranom súbore 40. krajín sve...

Descripción completa

Guardado en:
Detalles Bibliográficos
Autor principal: Vybíralová, Júlia
Formato: Capítulo de libro
Lenguaje:eslovaco
Materias:
Etiquetas: Agregar Etiqueta
Sin Etiquetas, Sea el primero en etiquetar este registro!

MARC

LEADER 00000naa a2200000 4500
001 r048106
005 20231004074346.5
041 0 |a slo 
044 |a SK 
245 1 0 |a Sebestačnosť v potravinách. Porovnanie Slovenska s vybranými krajinami Európy a sveta.  |c Júlia Vybíralová 
520 |a Recenzia na knihu "Sebestačnosť v potravinách. Porovnanie Slovenska s vybranými krajinami Európy a sveta. Autor Prokop Jurášek, vyšlo vo vydavateľstve VÚEPP Bratislava, v roku 2002, rozsah - 116 s. Komparatívna medzinárodná analýza jednotlivých stránok sebestačnosti vo vybranom súbore 40. krajín sveta. 
610 2 0 |a potraviny 
610 2 0 |a sebestačnosť 
610 2 0 |a svet 
610 2 0 |a analýza komparatívna 
610 2 0 |a recenzie 
100 1 |a Vybíralová, Júlia